000 00358 a2200157 4500
001 46067
020 _a9778-85-02-11690-0
040 _cAnchieta - Aquarius
100 _aBelinky, Tatiana
240 1 0 _a*Para encher linguiƧa
_lpor
245 1 0 _a*Para encher linguiƧa
300 _a
362 0 _a0
650 4 _aLiteratura infanto-juvenil
942 _cBK
999 _c46067
_d46067